000 01360cam a2200337 a 4500
999 _c286
_d286
001 1201588
003 ALUPE UNIVERSITY
005 20210610122513.0
008 981027s1999 txu b 000 0 eng
010 _a 98071175
020 _a0155055437
040 _aDLC
_cDLC
_dDLC
050 0 0 _aD32
_b.C57 1999
082 0 0 _a327
_221
245 0 0 _aClassic readings of international relations /
_cedited by Phil Williams, Donald M. Goldstein, Jay M. Shafritz.
250 _a2nd ed.
260 _aFort Worth :
_bHarcourt Brace College Publishers,
_cc1999.
300 _axix, 689 p. ;
_c24 cm.
504 _aIncludes bibliographical references.
650 0 _aWorld politics.
650 0 _aInternational relations.
700 1 _aWilliams, Phil,
_d1948-
700 1 _aGoldstein, Donald M.
700 1 _aShafritz, Jay M.
856 4 2 _3Contributor biographical information
_uhttp://www.loc.gov/catdir/enhancements/fy1515/98071175-b.html
856 4 2 _3Publisher description
_uhttp://www.loc.gov/catdir/enhancements/fy1515/98071175-d.html
856 4 1 _3Table of contents only
_uhttp://www.loc.gov/catdir/enhancements/fy1515/98071175-t.html
906 _a7
_bcbc
_corignew
_d2
_eopcn
_f19
_gy-gencatlg
942 _2lcc
_cBK
_nDO